000 01714nam a2200265 a 4500
008 120416s1966 ||||||||||||||||| || u
020 _a0043300499
050 _aHD 82 Lew
100 _aLewis, William Arthur
245 1 0 _aDevelopment planning
246 _athe essentials of economic policy
260 _aLondon
_bAllen and Unwin
_c1966 (1979)
300 _a278p. : ill
350 _a0.00
650 0 _aECONOMICS
650 _aECONOMIC PLANNING
995 _aMAIN LIBRARY OPEN ACCESS
_D0.00
_e070020
_FCBU-MAIN LIBRARY (Kitwe)
_H7
_I8.70
_jHD 82 Lew
_M5
_UAVAILABLE
_y003912
_ZMain Library Open Access Collection
995 _aANNEX COLLECTION (Main Library)
_D0.00
_e070023
_FCBU-MAIN LIBRARY (Kitwe)
_H5
_I8.70
_jHD 82 Lew
_M8
_UAVAILABLE
_y003913
_ZAnnex Low-Usage Collection
995 _aANNEX COLLECTION (Main Library)
_D0.00
_e714545
_FCBU-MAIN LIBRARY (Kitwe)
_H8
_I8.70
_jHD 82 Lew
_M1
_UAVAILABLE
_y003916
_ZAnnex Low-Usage Collection
995 _aANNEX COLLECTION (Main Library)
_D0.00
_e711222
_FCBU-MAIN LIBRARY (Kitwe)
_H6
_I8.70
_jHD 82 Lew
_M3
_UAVAILABLE
_y003918
_ZAnnex Low-Usage Collection
995 _aANNEX COLLECTION (Main Library)
_D0.00
_e070022
_FCBU-MAIN LIBRARY (Kitwe)
_H2
_I8.70
_jHD 82 Lew
_M6
_UAVAILABLE
_y003914
_ZAnnex Low-Usage Collection
995 _aBINDERY (DAMAGED)
_D0.00
_e714546
_FCBU-MAIN LIBRARY (Kitwe)
_H4
_I8.70
_jHD 82 Lew
_M2
_UDAMAGED
_y003917
_ZMain Library Open Access Collection
995 _aMAIN LIBRARY OPEN ACCESS
_D0.00
_e709212
_FCBU-MAIN LIBRARY (Kitwe)
_H1
_I8.70
_jHD 82 Lew
_M4
_UAVAILABLE
_y003919
_ZMain Library Open Access Collection
995 _aANNEX COLLECTION (Main Library)
_D0.00
_e070021
_FCBU-MAIN LIBRARY (Kitwe)
_H3
_I8.70
_jHD 82 Lew
_M7
_UAVAILABLE
_y003915
_ZAnnex Low-Usage Collection
999 _c63508
_d63508